000 00464nam a2200181Ia 4500
001 10903
005 20260306161906.0
008 260306t2005||||xx |||||||||||||| ||spa||
041 _aESP
082 _a980.013
_bC32A
100 _aCasas, Bartolomé De Las, Fray
_eAUT
245 0 _aBrevísima relación de la destruyción de las Indias
260 _c2005
300 _a206 páginas :
_c18 cm.
650 _aGEN
654 _aCHU
942 _cLIB
_dJUS
_fJUS
_2ddc
_n
999 _c10903
_d10903